000 00445nam a2200181Ia 4500
003 GCL
008 140319s9999 xx 000 0 eng d
040 _aGCL /
_cGCL
082 0 4 _a745.67
_bJ Q
100 1 _aJAMES, DAVID
245 1 0 _aQURANS: OF THE MAMLUKS /
_cJAMES, DAVID
260 _a[S.N] :
_bTHAMES AND HUDSON ،
_c1988
300 _a270
650 0 4 _aMAMLUKS DYNASTY
650 0 4 _aCALLIGRAPHY
650 0 4 _aKORAN
942 _2ddc
_cBK
999 _c25100
_d25100